Statistiken für Größte Städte Deutschlands an der Ems

Klicken Sie hier um das Quiz zu spielen!

Allgemein

  • Dieses Quiz wurde 90 mal gespielt
  • Das Durchschnittsergebnis liegt bei 10 aus 20

Antwortstatistiken

EinwohnerKreisStadt% Korrekt
100.861GüterslohGütersloh
96%
34.786LeerLeer
93%
49.913kreisfreiEmden
89%
315.293kreisfreiMünster
86%
37.157WarendorfWarendorf
85%
54.708EmslandLingen (Ems)
75%
35.313EmslandMeppen
75%
37.766EmslandPapenburg
65%
76.218SteinfurtRheine
62%
36.029SteinfurtEmsdetten
53%
37.753SteinfurtGreven
41%
48.644GüterslohRheda-Wiedenbrück
38%
23.881EmslandHaren (Ems)
27%
19.911WarendorfTelgte
26%
31.989PaderbornDelbrück
19%
25.163GüterslohHarsewinkel
16%
29.545GüterslohRietberg
16%
23.567LeerMoormerland
14%
16.281PaderbornHövelhof
11%
21.210LeerWestoverledingen
11%

Verteilung der Resultate

Perzentil nach korrekt beantworteten Fragen

Anzahl Personen mit jedem Resultat

Ihre Resultats-Entwicklung

Sie haben dieses Quiz noch nicht gespielt